| 000 | 01097cam a2200325 i 4500 | ||
|---|---|---|---|
| 999 |
_c200459758 _d77970 |
||
| 003 | TR-AnTOB | ||
| 005 | 20240308180454.0 | ||
| 007 | ta | ||
| 008 | 240226t20232023tu bo 000 0 tur d | ||
| 020 | _a9786258352818 | ||
| 040 |
_aTVK _beng _erda _cTVK _dTR-AnTOB |
||
| 041 | 0 |
_atur _beng |
|
| 050 | 4 |
_aDS119.7 _b.T833 2023 |
|
| 090 |
_aDS119.7 _b.T833 2023 |
||
| 245 | 0 | 0 |
_aTÜBA Filistin - İsrail Savaşı raporu = _bTÜBA report on the Palestinian - Israeli War / _cderleyenler Dr. Mürsel Doğrul, Dr. Hayati Ünlü. |
| 264 | 1 |
_aAnkara : _bTürkiye Bilimler Akademisi, _c2023. |
|
| 264 | 4 | _c©2023 | |
| 300 |
_axiv, 51 pages ; _bmaps, photographs ; _c25 cm |
||
| 336 |
_atext _btxt _2rdacontent |
||
| 337 |
_aunmediated _bn _2rdamedia |
||
| 338 |
_avolume _bnc _2rdacarrier |
||
| 490 | 0 |
_aTÜBA Raporları ; _v53 |
|
| 504 | _aBIB | ||
| 650 | 7 |
_aArap-İsrail çatışması _2etuturkob _931610 |
|
| 651 | 7 |
_aFilistin _xTarih _2etuturkob _9123365 |
|
| 700 | 1 |
_aDoğrul, Mürsel _ecompiler _9129674 |
|
| 700 | 1 |
_aÜnlü, Hayati _ecompiler _9145144 |
|
| 942 |
_2lcc _cBK |
||